Marathons majeurs abbott - Statistiques

Statistiques générales
  • Ce quiz a été pris 33 fois
  • Le résultat moyen est 5 sur 6
Statistiques - réponses
Réponse % Correct
Berlin
100%
Londres
100%
New-york
100%
Tokyo
92%
Boston
77%
Chicago
77%
Aucun quiz correspondant
Distribution des résultats
% des personnes avec chaque résultat
Percentile par nombre de réponses
Votre historique - résultats
Vous n’avez pas pris ce quiz